000 00323nam a2200121 a 4500
005 20140414131929.0
008 101108s19uu xx 00 eng d
050 _aM 741.5
_bF11 2000
100 _aFain, David
245 _aSpongebob Squarepants trivia book.
260 _aNew York :
_bScholastic ,
_c2000.
999 _c112174
_d112174